Responses for Show #3455 - Friday, September 17, 1999

Contestants

[<< previous game]

Rachel Schneider, an undergraduate student from Bergenfield, New Jersey

Deanna Walton, a tax consultant from Arlington, Virginia

John Hill, a farmer from Ashton, Illinois (whose 1-day cash winnings total $10,100)

[next game >>]

Jeopardy! Round responses

LITERARY TOURISM
20th CENTURY FOOD
SEASHORE LIFE
HISTORIC RHYME TIME
SAM HOUSTON
DALLAS
(Alex: The TV series.)
    $100 1
Merlin

John
    $100 3
Junior Mints

Deanna
    $100 23
(Deanna: What is kale?)

kelp

JohnDeanna
    $100 12
Ben's pens

Rachel
    $100 9
Will Rogers

Rachel
    $100 16
Southfork

Deanna
    $200 2
University of Virginia

Deanna
    $200 4
Flour

Rachel
    $200 24
(Rachel: What are seals?)

penguins

DeannaRachel
    $200 13
Mike's bikes

Deanna
    $200 22
Santa Anna

John
    $200 18
Charlene Tilton

Deanna
    $300 5
Sir Walter Scott

Rachel
    $300 8
Animal crackers

Deanna
    $300 25
Lobster

Deanna
    $300 14
Caesar's freezers

Deanna
    $300 28
President

Deanna
    $300 19
Knots Landing

Deanna
    $400 6
(John: What is London?)

Dublin

John
Triple Stumper
    $400 10
[ERRATUM: General Mills, not General Foods, introduced the cereal in question.]

Lucky Charms

John
    $400 26
Oysters

John
    $400 15
Ford's boards

John
    $400 29
While he was alive

Triple Stumper
    $400 20
The shooting of J.R.

Deanna
    $500 7
Henrik Ibsen

Rachel
    $500 11
Sauerkraut

Rachel
    $500 27
(John: What are squid?)

starfish

JohnRachel
    $500 17
Bob's knobs

Triple Stumper
    $500 30
The Confederacy

Deanna
    $500 21
Priscilla Presley

Deanna

Scores at the first commercial break (after clue 13):

John Deanna Rachel
$100 $800 $1,700

Scores at the end of the Jeopardy! Round:

John Deanna Rachel
$700 $3,800 $2,000

Double Jeopardy! Round responses

CLASSICAL MUSIC
NOTED HISPANICS
SCIENCE & TECHNOLOGY
SPORTS STARS
'70s FASHIONS
LETTER AFTER P
    $200 21
Operas

Deanna
    $200 7
Trampoline

Rachel
    $200 1
(John: Who is Tyson?)

Evander Holyfield

John
Triple Stumper
    $200 6
Zipper

John
    $200 13
M

Deanna
    $400 22
(Alex: With a minute to go.)

W.A. Mozart

Deanna
    $400 26
(John: What is Florida?)
(Deanna: What is Texas?)
...
[The end-of-round signal sounds.]

California

JohnDeanna
Triple Stumper
    $400 8
Watch

John
    $400 2
Kobe Bryant

John
    $400 12
Platform shoes

Rachel
    $400 14
S

Deanna
    $600 23
G.F. Handel

John
    $600 25
Ruben Blades

Triple Stumper
    $600 9
Magnetic levitation

John
    $600 3
Elvis Stojko

Triple Stumper
    $600 18
(Alex: He wears it all the time, by the way!)

Polyester

Deanna
    $600 15
X

John
    $500 24
(John: Who is Bach?)

Franz Liszt (his son-in-law was Wagner)

John
    $800 10
(John: What is refraction?)

distilling (or fractional distillation)

John
Triple Stumper
    $800 4
(Rachel: Who is Venus Williams?)

Lindsay Davenport

DeannaRachel
    $800 19
Annie Hall

Triple Stumper
    $800 16
T (P.T. Barnum)

Deanna
    $1,200 11
James Van Allen

John
    $1000 5
Brandi Chastain

John
    $1000 20
Laura Ashley

Triple Stumper
    $1000 17
(Rachel: What is P?)

U (plutonium)

Rachel
Triple Stumper

Scores at the end of the Double Jeopardy! Round:

John Deanna Rachel
$3,800 $6,800 $800

[wagering suggestions for these scores]

Final Jeopardy! Round responses

SWAHILI PHRASES
RachelWhat is I am running for the N.Y. Senate
$100
JohnWhat is ?
$3,000
DeannaWhat is it takes a village to raise a child?
$4,500
"It takes a village to raise a child"

Final scores:

John Deanna Rachel
$800 $11,300 $700
2nd place: Trip to Outrigger Hotel, Waikiki Beach, Hawaii New champion: $11,300 3rd place: Seiko Electronic Products

Game dynamics:

Coryat scores:

John Deanna Rachel
$4,100 $6,800 $800
14 R
(including 1 DD),
6 W
(including 1 DD)
21 R,
2 W
9 R
(including 1 DD),
3 W

Combined Coryat: $11,700

[game clues] [game scores] [suggest correction]

Game tape date: 1999-07-13
The J! Archive is created by fans, for fans. Scraping, republication, monetization, and malicious use prohibited; this site may use cookies and collect identifying information. See terms. The Jeopardy! game show and all elements thereof, including but not limited to copyright and trademark thereto, are the property of Jeopardy Productions, Inc. and are protected under law. This website is not affiliated with, sponsored by, or operated by Jeopardy Productions, Inc. Join the discussion at JBoard.tv.